Americas : the changing face of Latin America and the Caribbean / (Record no. 101)

000 -LEADER
fixed length control field 02237cam a22003854a 4500
001 - CONTROL NUMBER
control field 13982012
003 - CONTROL NUMBER IDENTIFIER
control field OSt
005 - DATE AND TIME OF LATEST TRANSACTION
control field 20140116120818.0
008 - FIXED-LENGTH DATA ELEMENTS--GENERAL INFORMATION
fixed length control field 050525s2006 cauab b s001 0 eng
010 ## - LIBRARY OF CONGRESS CONTROL NUMBER
LC control number 2005015293
015 ## - NATIONAL BIBLIOGRAPHY NUMBER
National bibliography number GBA588388
Source bnb
016 7# - NATIONAL BIBLIOGRAPHIC AGENCY CONTROL NUMBER
Record control number 013315714
Source Uk
020 ## - INTERNATIONAL STANDARD BOOK NUMBER
International Standard Book Number 9780520245013 (pbk. : alk. paper)
020 ## - INTERNATIONAL STANDARD BOOK NUMBER
International Standard Book Number 0520245016
035 ## - SYSTEM CONTROL NUMBER
System control number (OCoLC)ocm60515006
040 ## - CATALOGING SOURCE
Original cataloging agency DLC
Transcribing agency DLC
Modifying agency BAKER
-- UKM
-- C#P
-- VP@
-- YDXCP
-- BTCTA
-- LVB
-- BUR
-- DLC
042 ## - AUTHENTICATION CODE
Authentication code pcc
043 ## - GEOGRAPHIC AREA CODE
Geographic area code cl-----
-- cc-----
-- n-us---
050 00 - LIBRARY OF CONGRESS CALL NUMBER
Classification number F1414.W56 2006
100 1# - MAIN ENTRY--PERSONAL NAME
Personal name Winn, Peter.
245 10 - TITLE STATEMENT
Title Americas : the changing face of Latin America and the Caribbean /
Statement of responsibility, etc Peter Winn.
250 ## - EDITION STATEMENT
Edition statement 3rd ed.
260 ## - PUBLICATION, DISTRIBUTION, ETC. (IMPRINT)
Place of publication, distribution, etc Berkeley, Calif. :
Name of publisher, distributor, etc University of California Press,
Date of publication, distribution, etc 2006.
300 ## - PHYSICAL DESCRIPTION
Extent xxvi, 689 p. :
Other physical details ill., maps ;
Dimensions 23 cm.
504 ## - BIBLIOGRAPHY, ETC. NOTE
Bibliography, etc Includes bibliographical references and index.
505 0# - FORMATTED CONTENTS NOTE
Formatted contents note A view from the south -- Legacies of empire -- The perils of progress -- A second independence? -- Capital sins -- Continent on the move -- Children of the sun -- A question of color -- In women's hands -- The power and the glory -- The magical and the real -- Endangered states -- Making revolution -- North of the border.
520 ## - SUMMARY, ETC.
Summary, etc The most authoritative history available of contemporary Latin America and the Caribbean. From Mexico to Tierra del Fuego, and from Cuba to Trinidad and Tobago, Americas examines the historical, demographic, political, social, cultural, religious, and economic trends in the region. For this new edition Peter Winn has provided a new preface and made revisions throughout to include the most up-to-date information on changes and developments in Latin America since the last revised edition of 1999.--From publisher description.
650 #0 - SUBJECT ADDED ENTRY--TOPICAL TERM
Topical term or geographic name as entry element Hispanic Americans
General subdivision History.
651 #0 - SUBJECT ADDED ENTRY--GEOGRAPHIC NAME
Geographic name Latin America
General subdivision History.
651 #0 - SUBJECT ADDED ENTRY--GEOGRAPHIC NAME
Geographic name Caribbean Area
General subdivision History.
856 41 - ELECTRONIC LOCATION AND ACCESS
Materials specified Table of contents
Uniform Resource Identifier <a href="http://www.loc.gov/catdir/toc/ecip0513/2005015293.html">http://www.loc.gov/catdir/toc/ecip0513/2005015293.html</a>
906 ## - LOCAL DATA ELEMENT F, LDF (RLIN)
a 7
b cbc
c orignew
d 1
e ecip
f 20
g y-gencatlg
942 ## - ADDED ENTRY ELEMENTS (KOHA)
Source of classification or shelving scheme
Koha item type Book
Holdings
Withdrawn status Lost status Source of classification or shelving scheme Damaged status Not for loan Home library Current library Date acquired Source of acquisition Total Checkouts Full call number Barcode Date last seen Copy number Price effective from Koha item type Date checked out
          Riara University Library Riara University Library 07/10/2011 Purchase   F1414.W56 2006 2904/11 07/10/2011 C.3 07/10/2011 Book  
          Riara University Library Riara University Library 07/10/2011 Purchase   F1414.W56 2006 2903/11 07/10/2011 C.2 07/10/2011 Book  
          Riara University Library Riara University Library 07/10/2011 Purchase 3 F1414.W56 2006 2902/11 27/05/2014 C.1 07/10/2011 Book 27/05/2014

Riara University Library,
P.O. Box 49940-00100,
Nairobi, Kenya.